000 00312nam a22001457a 4500
020 _a0-590-94736-8
082 _a823
_bDANA
100 _aDANZIGER, PAULA
245 _aAMBER BROWN
260 _aNEW YORK
_bSCHOLASTIC INC.
_c1997
300 _a120
520 _aSHORT STORY
650 _aSHORT STORY
942 _cBK
999 _c5792
_d5792